| 000 | 00675cam a22002414a 4500 | ||
|---|---|---|---|
| 001 | 12439516 | ||
| 003 | OSt | ||
| 005 | 20240712164617.0 | ||
| 008 | 010612s2002 nyua 001 0 eng | ||
| 010 | _a 2001042705 | ||
| 020 | _a0393975193 | ||
| 040 |
_aDDC _cMUST |
||
| 082 | 0 | 0 |
_a339 STI 2002 _220 |
| 100 | 1 |
_aStiglitz, Joseph E. _918361 |
|
| 245 | 1 | 0 |
_aPrinciples of macroeconomics / _cJoseph E. Stiglitz, Carl E. Walsh. |
| 250 | _a3rd ed. | ||
| 260 |
_aNew York : _bNorton, _c2002. |
||
| 300 |
_axxiii, 501, 20 p. : _bcol. ill. ; _c28 cm. |
||
| 504 | _aIncludes index. | ||
| 650 | 0 |
_aMacroeconomics. _97608 |
|
| 700 | 1 |
_aWalsh, Carl E. _918722 |
|
| 942 |
_2ddc _cO_SHELF |
||
| 999 |
_c9180 _d9180 |
||